Statistiques concernant Villes françaises avec deux clubs de Première Division (2021-2022)

Cliquez ici pour prendre le quiz!

Statistiques générales

  • Ce quiz a été pris 372 fois
    (294 depuis la dernière actualisation)
  • Le résultat moyen est 13 sur 16

Statistiques - réponses

VilleLigue 1Top 14Betclic EliteStarLigueLigue A% Correct
LyonOLLOUASVEL--
100%
ParisPSGSFPBPSGPV
100%
BordeauxGdBUBB---
97%
MonacoASM-ASM--
97%
MontpellierMHSCMHR-MHBMHSC VB
97%
NantesFCN--HBCNNRMV
97%
NiceOGCN---NVB
97%
Clermont-FerrandCF63ASM---
95%
RennesSRFC--CRMHB-
95%
StrasbourgRCSA-SIG--
93%
ReimsSdR-CCRB--
90%
Toulouse-ST-FENIXSpacer's
82%
Nanterre-RC92N92--
63%
Pau-SPÉlan BPLO--
59%
Limoges--CSPLH-
47%
Dunkerque--BCMDHGL-
27%

Distribution des résultats

Percentile par nombre de réponses

% des personnes avec chaque résultat

Votre développement - résultats

Vous n’avez pas pris ce quiz depuis la dernière actualisation